000 00354nam a22001577a 4500
003 Macl
005 20241024133542.0
008 241024b |||||||| |||| 00| 0 eng d
040 _cMacl
082 _a294
100 _aOM swami
_975887
245 _aKundalini an untold story
260 _aDelhi
_bJaico
_c2024
650 _aReligions
942 _2ddc
_cBK
999 _c67651
_d67651